00306nam a2200109Ia 4500008004100000100003000041245004800071260001700119650003600136942000700172999001700179190216s9999||||xx |||||||||||||| ||und|| aChandrashekara Varier M S 0aBhashayum Sahithyavum Malayalipiravikkumunp bNbs Kottayam aMalayalam-Malayalam Literaturte cBK c24811d24811